000 00748nam a2200241 i 4500
001 129859
003 ES-MaACL
005 20250710062729.0
007 t|
008 070709s1976 fr ||||1| fre d
080 _a811.111-087(7/8)-3
100 1 _aForgue, Guy Jean.
_951743
245 1 4 _aLes mots américains /
_cGuy Jean Forgue.
250 _a1 re éd.
260 _aParis :
_bPresses Universitaires de France,
_c[1976]
300 _a125 p. ;
_c18 cm.
490 1 _aQue sais-je?. Collection Encyclopédique ;
_v1660
500 _aBiblioteca Jacinto Martínez Lacalle.
650 1 4 _aLengua inglesa-
_xAmericanismos.
_914267
830 0 0 _aQue sais-je?
_v1660
_9180931
852 _aES-MaACL
_jE-11853
_bR.139803
999 _c129859
_d129859